LDR 01087naa#a2200169#i#450# 001 RU\\bibl\121566 005 20260706004632.1 011 ## _a2073-0454 100 ## _a20251219b2025####ek#y0rusy0150####ca 102 ## _aRU 200 1# _aФакторы риска и меры виктимологической профилактики противоправного воздействия на несовершеннолетних посредством цифровой онлайн-коммуникации _eЖурнальная статья 210 1# _aМосква _cМосковский университет МВД России имени В.Я. Кикотя _d2025 215 ## _a7 с. 608 ## _aЖурнальная статья _2local 675 ## _aПредупреждение преступлений. Уголовная профилактика. Социальные меры предупреждения. Профилактика преступности несовершеннолетних. 343.85 _z 700 #1 _aПучнина _gМаргарита Юрьевна 856 4# _amosumvd.editorum.ru _u